000 00841nam a2200181Ia 4500
008 100920s9999 xx 000 0 und d
082 _b83140
_a28 व 891 थ 85
100 _aमंगळवेढेकर राजा.
245 _aसांगीवांगीच्या गोष्टी भाग 2 बकुळीचे फुल.
260 _bपरिमल प्रकाशन, औरंगाबाद.
_c1985
300 _a79
_bसाधी
365 _b40
520 _aबा.वि.लघुकथा.
630 _aसांगीवांगीच्या गोष्टी भाग 2 बकुळीचे फुल.
650 _aबा.वि.लघुकथा.
730 _aसांगीवांगीच्या गोष्टी भाग 2 बकुळीचे फुल.
942 _cBOOK
999 _c723783
_d723780